Countries of Europe with Two or More Words - Statistics

General Stats
  • This quiz has been taken 2,400 times
    2,159 since last reset
  • The average score is 5 of 6
Answer Stats
Country % Correct
United Kingdom
90%
Czech Republic
87%
San Marino
86%
Bosnia & Herzegovina
81%
Vatican City
80%
North Macedonia
77%
No matching quizzes found
Score Distribution
Percent of People with Each Score
Percentile by Number Answered
Your Score History
You have not taken this quiz since the last reset